आहार,पौष्टिकता और व्यायाम / (Record no. 121452)
[ view plain ]
| 000 -LEADER | |
|---|---|
| fixed length control field | 01089nam a22002537a 4500 |
| 005 - DATE AND TIME OF LATEST TRANSACTION | |
| control field | 20170124103215.0 |
| 010 ## - LIBRARY OF CONGRESS CONTROL NUMBER | |
| LC control number | B-200144 |
| 020 ## - INTERNATIONAL STANDARD BOOK NUMBER | |
| Terms of availability | 500.00 |
| 035 ## - SYSTEM CONTROL NUMBER | |
| System control number | B-200144 |
| 037 ## - SOURCE OF ACQUISITION | |
| Source of stock number/acquisition | Cen Lib/Ret |
| 040 ## - CATALOGING SOURCE | |
| Original cataloging agency | DPL |
| Language of cataloging | HN |
| 082 ## - DEWEY DECIMAL CLASSIFICATION NUMBER | |
| Classification number | 613.7 |
| Item number | अम्बष्ट |
| 100 ## - MAIN ENTRY--PERSONAL NAME | |
| Personal name | अम्बष्ट, रवि |
| 9 (RLIN) | 98133 |
| 245 ## - TITLE STATEMENT | |
| Title | आहार,पौष्टिकता और व्यायाम / |
| Statement of responsibility, etc | रवि अम्बष्ट |
| 246 ## - VARYING FORM OF TITLE | |
| Title proper/short title | Ahar,paushtikta aur vyayam / |
| Remainder of title | by Ravi Ambasht |
| 260 ## - PUBLICATION, DISTRIBUTION, ETC. (IMPRINT) | |
| Place of publication, distribution, etc | नई दिल्ली |
| Name of publisher, distributor, etc | खेल साहित्य केन्द्र |
| Date of publication, distribution, etc | 2006 |
| 270 ## - ADDRESS | |
| Address | 7/26, L.G.F.अंसारी रोड, दरियागंज |
| City | नई दिल्ली |
| Postal code | 110002 |
| 300 ## - PHYSICAL DESCRIPTION | |
| Extent | 257पृ. : |
| Dimensions | 20सेमी(सजिल्द) |
| Other physical details | सचित्र |
| 650 ## - SUBJECT ADDED ENTRY--TOPICAL TERM | |
| Topical term or geographic name as entry element | आहार विज्ञान |
| 9 (RLIN) | 98134 |
| 650 ## - SUBJECT ADDED ENTRY--TOPICAL TERM | |
| Topical term or geographic name as entry element | आहार -- मौलिक तथ्य |
| 9 (RLIN) | 1180 |
| 650 ## - SUBJECT ADDED ENTRY--TOPICAL TERM | |
| Topical term or geographic name as entry element | Food Science |
| 9 (RLIN) | 85119 |
| 650 ## - SUBJECT ADDED ENTRY--TOPICAL TERM | |
| Topical term or geographic name as entry element | Diet - Basic Facts |
| 9 (RLIN) | 98135 |
| 942 ## - ADDED ENTRY ELEMENTS (KOHA) | |
| Source of classification or shelving scheme | Dewey Decimal Classification |
| Koha item type | Hindi Books |
| Classification part | 613.7 |
| Call number suffix | अम्बष्ट |
| Withdrawn status | Lost status | Damaged status | Not for loan | Home library | Current library | Date acquired | Source of acquisition | Cost, normal purchase price | Total Checkouts | Full call number | Barcode | Date last seen | Copy number | Cost, replacement price | Price effective from | Koha item type |
|---|---|---|---|---|---|---|---|---|---|---|---|---|---|---|---|---|
| Central Library | Central Library | 08/10/2015 | Cen Lib/Ret | 500.00 | 613.7 अम्बष्ट | B-200144 | 08/10/2015 | 1 | 500.00 | 08/10/2015 | Hindi Books |
